000 002570000a22000970004500
100 1 _aWallace, Ian
245 1 0 _aReconstrucción después del conflicto : Experiencias en Ruanda
300 _aNúm 36 (1998), Páginas 4-5
773 0 _tPaso a paso
942 _cANA
999 _c52476
_d52476